Historia de España (Record no. 120252)

MARC details
000 -LEADER
campo de control de longitud fija 01234nam a2200229 i 4500
001 - NÚMERO DE CONTROL
campo de control 120252
003 - IDENTIFICADOR DE NÚMERO DE CONTROL
campo de control ES-MaACL
005 - FECHA Y HORA DE LA ÚLTIMA TRANSACCIÓN
campo de control 20250730155722.0
007 - CAMPO FIJO DE DESCRIPCIÓN FÍSICA--INFORMACIÓN GENERAL
campo de control de longitud fija t|
008 - DATOS DE LONGITUD FIJA--INFORMACIÓN GENERAL
campo de control de longitud fija 070214m19421968sp r ||||1| spa d
245 00 - MENCIÓN DEL TÍTULO
Título Historia de España
Resto del título : gran historia general de los pueblos hispanos /
Mención de responsabilidad, etc. director Luis Pericot.
260 ## - PUBLICACIÓN, DISTRIBUCIÓN, ETC.
Lugar de publicación, distribución, etc. Barcelona :
Nombre del editor, distribuidor, etc. Instituto Gallach,
Fecha de publicación, distribución, etc. 1942-68.
300 ## - DESCRIPCIÓN FÍSICA
Extensión 6 v. :
Otras características físicas il. ;
Dimensiones 31 cm.
505 8# - NOTA DE CONTENIDO CON FORMATO
Nota de contenido con formato Contiene: Tomo I. Epocas primitiva y romana por Luis Pericot. Tomo II. La Alta Edad Media ( siglos V al XIII) por Julián María Rubio. Tomo III. La Baja Edad Media y la unidad nacional por Julián María Rubio. Tomo IV. La casa de Austria (siglos XVI y XVII) por Luis Ulloa Cisneros. Tomo V. La casa Borbón (siglos XVIII al XX) por Luis Ulloa Cisneros . Tomo VI. Epoca contemporánea ( la segunda república, la guerra civil, la España actual) por Carlos Seco Serrano.
651 #4 - PUNTO DE ACCESO ADICIONAL DE MATERIA--NOMBRE GEOGRÁFICO
Nombre geográfico España-
Subdivisión general Historia.
9 (RLIN) 8209
700 1# - ENTRADA AGREGADA--NOMBRE PERSONAL
Nombre de persona Rubio Esteban, Julián María.
9 (RLIN) 100404
700 1# - ENTRADA AGREGADA--NOMBRE PERSONAL
Nombre de persona Ulloa Cisneros, Luis.
9 (RLIN) 111945
700 1# - ENTRADA AGREGADA--NOMBRE PERSONAL
Nombre de persona Seco Serrano, Carlos,
Fechas asociadas al nombre 1923-2020
9 (RLIN) 105054
700 1# - ENTRADA AGREGADA--NOMBRE PERSONAL
Nombre de persona Pericot, Luis,
Fechas asociadas al nombre 1899-1978
9 (RLIN) 91262
852 ## - LOCALIZACIÓN
Ubicación ES-MaACL
Número de control de estantería B-433-37-Bis
Sublocalización o colección R.22957
Holdings
Estatus retirado Estado de pérdida Estado de daño No para préstamo Biblioteca de origen Biblioteca actual Ubicación en estantería Fecha de adquisición Fuente de adquisición Total de préstamos Signatura topográfica completa Código de barras Visto por última vez Precio de reemplazo Tipo de ítem Koha
        Biblioteca del Ateneo de Madrid Biblioteca del Ateneo de Madrid Sala Pardo Bazán 17/01/2008     B-433-37-Bis 1125341 23/02/2023 23/02/2023 Libro impreso